000 00332 a2200157 4500
001 48464
020 _a9788555430961
040 _cAnchieta - Bela Vista
100 _aKunnas, Mauri
240 1 0 _aRobin Hood
_lpor
245 1 0 _aRobin Hood
300 _a47
362 0 _a2017
650 4 _aLiteratura infanto-juvenil
942 _cBK
999 _c48464
_d48464